LEADER 01537nam a2200253 i 4500 001 000000043323 003 CaOOAMICUS 005 20120904000000.0 008 120904s1802 it u000 u ita u 013 $a14493 026 $al'se ISTO hele tuar (3) 1802 (A) 040 $aSeMil$bita 245 10$aAppendice all'Esame de' motivi ec. Opera postuma dell'eminentissimo sig. cardinal Giacinto Gerdil a cui si premette l'elogio funebre del medesimo porporato. 260 $aVenetiis :$bPer Pietro Zerletti,$c1802. 300 $a144 p. ;$c8°. 500 $aSegn. : A-I8. 650 4$aApologetica.$0(OLS)http://semarc/subject/703 700 1 $aZerletti, Pietro,$c.$0(OLS)http://semarc/name/3134 700 1 $aGerdil, Giacinto Sigismondo,$d<1718-1802>.$0(OLS)http://semarc/name/3160 773 0 $aGerdil, Giacinto Sigismondo <1718-1802>$tEsame de' motivi della opposizione fatta da M. vescovo di Noli alla pubblicazione della bolla Auctorem fidei, preceduto dall'esame delle Riflessioni preliminari dell'anonimo editore de' medesimi. Opera del C. G. G. Parte 1. [-2.].$dVenezia : Pietro Zerletti, 1800-1802.$g[Supplemento]$w()27322 850 $aSeMil 852 $aSeMil$W1$xVenegono$y1$m2B IV 74 FA$j9478$B9478$CSeMilBibl$Z2$F9478 $8I 996 $6245$aAppendice all'Esame de' motivi ec. Opera postuma dell'eminentissimo sig. cardinal Giacinto Gerdil a cui si premette l'elogio funebre del medesimo porporato$9(OLS)http://semarc/title/63588 996 $6260$aVenetiis :$bPer Pietro Zerletti$9(OLS)http://semarc/publisher/40427 LEADER 01606nam a2200301 i 4500 001 000000193312 003 CaOOAMICUS 005 20101018000000.0 008 101018s2009 it u000 u por u 013 $a171952 020 $a978-88-7839-150-5 040 $aSeMil$bita 100 1 $aRodrigues De Sousa, Mário José <1971- >.$0(OLS)http://semarc/name/70415 245 10$a«Para que tambén vos acrediteis» :$bestudo exegético-teológico de Jo 19,31-37 /$cMário José Rodrigues De Sousa. 260 $aRoma :$bPontificia Università Gregoriana,$c2009. 300 $a400 p. ;$c24 cm. 490 0 $aTesi Gregoriana. Serie Teologia ;$v174 500 $aContiene : Bibliografia (pp. [355]-384). 650 4$aBibbia. Nuovo Testamento. Vangelo secondo Giovanni - Commentari, studi, critica, interpretazioni.$0(OLS)http://semarc/subject/119 650 4$aBibbia. Nuovo Testamento. Vangelo secondo Giovanni - Gesù Cristo.$0(OLS)http://semarc/subject/9428 650 4$aBibbia - NT - Giovanni, 19,31-37.$0(OLS)http://semarc/subject/36359 830 0$aTesi Gregoriana. Serie Teologia ;$v174.$0(OLS)http://semarc/title/351 850 $aSeMil 852 $aSeMil$W1$xVenegono$y1$m2M VI 274$j143886$B143886$CSeMilBibl$Z2$F155368 $81 961 $aSottoscrizione: Pontificia Università Gregoriana 996 $6020$a978-88-7839-150-5$9(OLS)http://semarc/number/184714 996 $6245$a«Para que tambén vos acrediteis» :$bestudo exegético-teológico de Jo 19,31-37$9(OLS)http://semarc/title/278689 996 $6260$aRoma :$bPontificia Università Gregoriana$9(OLS)http://semarc/publisher/29750